000 00584nam a2200157 i 4500
001 114536
003 ES-MaACL
005 20230906190200.0
007 t|
008 070308s1912 sp ||||1| spa d
110 2 _aColegio Pericial Mercantil de Bilbao.
_92984
245 1 0 _aMemoria de los trabajos realizados por la junta directiva durante el año de 1911 que se leerá en la junta general ordinaria el día 28 de enero de 1912.
260 _aBilbao :
_b[s.n.],
_c1912 (
_fImpr. y Encuad. de la Casa de Misericordia)
300 _a20 p. ;
_c22 cm.
852 _aES-MaACL
_jT-1218-F-1
999 _c114536
_d114536